Astronomy at Play in the Cosmos (Record no. 2290)

MARC details
000 -LEADER
fixed length control field 00366nam a22001457a 4500
008 - FIXED-LENGTH DATA ELEMENTS--GENERAL INFORMATION
fixed length control field 250313b |||||||| |||| 00| 0 eng d
020 ## - INTERNATIONAL STANDARD BOOK NUMBER
ISBN 9780393935226
100 ## - MAIN ENTRY--AUTHOR
Author Frank Adam
245 ## - TITLE STATEMENT
Title Astronomy at Play in the Cosmos
250 ## - EDITION STATEMENT
Edition statement 2nd
260 ## - PUBLICATION, DISTRIBUTION, ETC. (IMPRINT)
Place of publication New York
Name of publisher W.W. Norton and Company Ltd
Date of publication 2020
300 ## - COLLATION
Pagination xxiii,497p
942 ## - ADDED ENTRY ELEMENTS (KOHA)
Item type Books
050 ## - LIBRARY OF CONGRESS CALL NUMBER
Classification number QB45.2
Item number .F73
Holdings
Source of classification or shelving scheme Not for loan Permanent location Current location Date acquired Accession No. Full call number Barcode. Koha item type
Library of Congress Classification   Samuel Ogbemudia Main Library, University of Abuja Samuel Ogbemudia Main Library, University of Abuja 03/13/2025 2024/63996-7 QB45.2.F73 2025-0547 Books
Library of Congress Classification   Samuel Ogbemudia Main Library, University of Abuja Samuel Ogbemudia Main Library, University of Abuja 03/13/2025 2024/63996-7 QB45.2.F73 2025-0548 Books